Hindi Story Book (Record no. 5866)
[ view plain ]
| 000 -LEADER | |
|---|---|
| fixed length control field | 00199nam a22000857a 4500 |
| 008 - FIXED-LENGTH DATA ELEMENTS--GENERAL INFORMATION | |
| fixed length control field | 170131b xxu||||| |||| 00| 0 eng d |
| 100 ## - MAIN ENTRY--PERSONAL NAME | |
| 9 (RLIN) | 2705 |
| Personal name | Hiran |
| 245 ## - TITLE STATEMENT | |
| Title | Hindi Story Book |
| 260 ## - PUBLICATION, DISTRIBUTION, ETC. (IMPRINT) | |
| Place of publication, distribution, etc. | New delhi |
| Date of publication, distribution, etc. | 2002 |
| Withdrawn status | Lost status | Source of classification or shelving scheme | Damaged status | Koha normalized classification for sorting | Not for loan | Home library | Current library | Shelving location | Date acquired | Total Checkouts | Full call number | Barcode | Date last seen | Date last checked out | Price effective from | Koha item type |
|---|---|---|---|---|---|---|---|---|---|---|---|---|---|---|---|---|
| Dewey Decimal Classification | 8H3 | Good Samaritan School Library | Good Samaritan School Library | HINDI | 01/31/2017 | 1 | 8H3 | HIR3908 | 02/06/2017 | 01/31/2017 | 01/31/2017 | BOOK |